5HLuxD.jpg

KING HENRY VIII SENIOR AND PRIMARY SCHOOL LIBRARY OPAC

Frostbite / (Record no. 812)

000 -LEADER
fixed length control field 01284cam a2200337 a 4500
001 - CONTROL NUMBER
control field 01541318
003 - CONTROL NUMBER IDENTIFIER
control field OSt
005 - DATE AND TIME OF LATEST TRANSACTION
control field 20191220102209.0
008 - FIXED-LENGTH DATA ELEMENTS--GENERAL INFORMATION
fixed length control field 070820s2008 nyu d 000 1 eng
010 ## - LIBRARY OF CONGRESS CONTROL NUMBER
LC control number 2007031141
020 ## - INTERNATIONAL STANDARD BOOK NUMBER
International Standard Book Number 1595141758 (pbk.)
020 ## - INTERNATIONAL STANDARD BOOK NUMBER
International Standard Book Number 9781595141750 (pbk.)
040 ## - CATALOGING SOURCE
Original cataloging agency DLC
Transcribing agency DLC
Modifying agency DLC
042 ## - AUTHENTICATION CODE
Authentication code nbic
082 ## - DEWEY DECIMAL CLASSIFICATION NUMBER
Classification number FIC MEA
100 1# - MAIN ENTRY--PERSONAL NAME
Personal name Mead, Richelle.
Relator term author
245 10 - TITLE STATEMENT
Title Frostbite /
Statement of responsibility, etc. Richelle Mead.
260 ## - PUBLICATION, DISTRIBUTION, ETC.
Place of publication, distribution, etc. New York :
Name of publisher, distributor, etc. Razorbill,
Date of publication, distribution, etc. c2008.
300 ## - PHYSICAL DESCRIPTION
Extent 327 p. ;
Dimensions 21 cm.
490 1# - SERIES STATEMENT
Series statement Vampire Academy ;
Volume/sequential designation Book 2.
520 ## - SUMMARY, ETC.
Summary, etc. While on a school skiing trip, guardian-in-training Rose faces everything from misunderstandings between friends to fights among factions of Moroi as reports of horrific Strigoi attacks raise tensions, ultimately leading Rose and some of those closest to her into a battle that teaches her much about life, death, and love.
650 #0 - SUBJECT ADDED ENTRY--TOPICAL TERM
Topical term or geographic name entry element High schools
Form subdivision Juvenile fiction.
650 #0 - SUBJECT ADDED ENTRY--TOPICAL TERM
Topical term or geographic name entry element Interpersonal relations
Form subdivision Juvenile fiction.
650 #0 - SUBJECT ADDED ENTRY--TOPICAL TERM
Topical term or geographic name entry element Magic
Form subdivision Juvenile fiction.
650 #0 - SUBJECT ADDED ENTRY--TOPICAL TERM
Topical term or geographic name entry element Schools
Form subdivision Juvenile fiction.
650 #0 - SUBJECT ADDED ENTRY--TOPICAL TERM
Topical term or geographic name entry element Skis and skiing
Form subdivision Juvenile fiction.
650 #0 - SUBJECT ADDED ENTRY--TOPICAL TERM
Topical term or geographic name entry element Social classes
Form subdivision Juvenile fiction.
650 #0 - SUBJECT ADDED ENTRY--TOPICAL TERM
Topical term or geographic name entry element Vampires
Form subdivision Juvenile fiction.
830 #0 - SERIES ADDED ENTRY--UNIFORM TITLE
Uniform title Vampire Academy.
942 ## - ADDED ENTRY ELEMENTS (KOHA)
Source of classification or shelving scheme
Koha item type Books - Fiction
Holdings
Withdrawn status Lost status Source of classification or shelving scheme Damaged status Not for loan Collection code Permanent Location Current Location Shelving location Date acquired Total Checkouts Full call number Barcode Date last seen Date last checked out Price effective from Koha item type
          Fiction KH8 Senior School Library KH8 Senior School Library Fiction 2019-12-20 6 FIC MEA 3KHSL000101560 2025-09-11 2025-08-27 2019-12-20 Books - Fiction

Powered By KH8 IT Dept